000
00309nam a22001217a 4500
040
_c
HS
082
_a
657
100
_a
អេង លេង
245
_a
Financial accounting គណនេយ្យហិរញ្ញវត្ថុ
260
_a
RUA
_b
អេង លេង
_c
2008
300
_a
40p;
942
_c
KB
999
_c
10064
_d
10064